004680000a22001810004500003001100000005001700011008004100028020001500069040003900084041000800123082001300131100001700144245002700161260003700188300000900225650002600234650002600260LK-CoMWRAF20230916070457.0230817t1945 ||||| |||| 00| 0 eng d a0374930465 aLK-CoMWRAFdLK-CoMWRAFeLK-CoMWRAF aeng a297bGIB aGibb, H.A.R. aModern Trends in Islam aNew York :bOctagon Books,c1945 a141p aIslam -- 21st century aIslam -- 20th century